Mixed Word: 5 Letter A-Z XIII Quiz Stats

 Plays Quiz Updated Feb 15, 2012

Challenge
Share
Tweet
Embed
Score 0/26 Timer 03:00
0 Plays Today
Scramble Unscramble % Correct
FADFYDAFFY
99.1%
WDCROCROWD
98.4%
FTYORFORTY
98.4%
YNNANNANNY
97.8%
RBADEBEARD
97.8%
RAGSSGRASS
97.2%
INIHDHINDI
95.8%
TAERWWATER
95.2%
TTEWETWEET
95.2%
AZMIEMAIZE
94.6%
ROATAAORTA
91.3%
DYARSYARDS
90.1%
EYHRMRHYME
89.2%
Scramble Unscramble % Correct
TRNEEENTER
88.8%
PINATPAINT
88%
POSTRSPORT
85.9%
NVOMEVENOM
83.2%
AQRUNQURAN
82.7%
TOETROTTER
82.4%
NXENOXENON
81.4%
NCINAINCAN
77%
AUJBMJUMBA
75%
MLOBILIMBO
66.7%
SRSUUURSUS
52%
KAIUAKAUA'I
44.5%
YOTLZZLOTY
30.7%

You're not logged in!

Compare scores with friends on all Sporcle quizzes.
Join for Free
OR
Log In

You Might Also Like...

Show Comments

Extras

Top Quizzes Today


Score Distribution

Your Account Isn't Verified!

In order to create a playlist on Sporcle, you need to verify the email address you used during registration. Go to your Sporcle Settings to finish the process.

Report this User

Report this user for behavior that violates our Community Guidelines.

Details: